[Event "Seefeld2004"]
[Site "?"]
[Date "2004.09.18"]
[Round "1"]
[White "Rotstein, Arkadij"]
[Black "Waibl, Herbert"]
[Result "1-0"]
[WhiteElo "2524"]
[BlackElo "2015"]
[Annotator "ChessOrg"]
[PlyCount "63"]
[EventDate "2004.09.20"]
[SourceDate "2004.09.20"]

1. e4 g6 2. d4 Bg7 3. Nc3 c6 4. Nf3 d5 5. e5 f6 6. Bd3 Nh6 7. O-O O-O 8. Re1
fxe5 9. Nxe5 Bf5 10. Bg5 Qc7 11. h3 Nf7 12. Bf4 Nxe5 13. Bxe5 Bxe5 14. Rxe5
Bxd3 15. Qxd3 Na6 16. Rae1 Rf7 17. Qe2 Re8 18. Nd1 Nb8 19. c3 Nd7 20. Re6 Nf8
21. Re3 Nd7 22. f3 Nf6 23. Nf2 Qf4 24. Nd3 Qc7 25. Ne5 Rg7 26. Qf2 Nd7 27. Nd3
g5 28. Ne5 h5 29. Nxd7 Qxd7 30. Re6 Rf8 31. Qe3 Rff7 32. Qe5 1-0

[Event "Seefeld2004"]
[Site "?"]
[Date "2004.09.18"]
[Round "1"]
[White "Hüttemann, Ralf"]
[Black "Miezis, Normunds"]
[Result "0-1"]
[WhiteElo "2009"]
[BlackElo "2504"]
[Annotator "ChessOrg"]
[PlyCount "72"]
[EventDate "2004.09.20"]
[SourceDate "2004.09.20"]

1. e4 c5 2. b3 Nc6 3. g3 d5 4. Bg2 dxe4 5. Bxe4 Qd4 6. Nc3 Nf6 7. Nge2 Qd8 8.
Bg2 h5 9. h4 Bg4 10. f3 Bf5 11. Bb2 e5 12. d3 Qd7 13. Ne4 Nd5 14. Kf2 O-O-O 15.
N2c3 Nc7 16. Re1 f6 17. a4 Ne6 18. a5 Nb4 19. Na4 Qc7 20. Re2 Kb8 21. Kf1 Be7
22. Rd2 Rd7 23. Nac3 Rhd8 24. Nb5 Qc6 25. Na3 Qa6 26. Nc4 Nd4 27. Bxd4 cxd4 28.
Kg1 Nd5 29. Qe2 b5 30. Nb2 Bb4 31. Rdd1 Rc7 32. Rf1 Rdc8 33. Rac1 Ba3 34. g4
Nf4 35. Qd2 Bxe4 36. fxe4 Bxb2 0-1

[Event "Seefeld2004"]
[Site "?"]
[Date "2004.09.18"]
[Round "1"]
[White "Russ, Colin"]
[Black "Bronznik, Valeri"]
[Result "0-1"]
[WhiteElo "1930"]
[BlackElo "2400"]
[Annotator "ChessOrg"]
[PlyCount "41"]
[EventDate "2004.09.20"]
[SourceDate "2004.09.20"]

1. Nf3 d5 2. d4 Nc6 3. Bf4 Bg4 4. Ne5 Nxe5 5. Bxe5 e6 6. c3 f6 7. Bg3 Bd6 8.
Qb3 Qc8 9. Qa4+ Qd7 10. Qxd7+ Kxd7 11. Nd2 c5 12. Bxd6 Kxd6 13. dxc5+ Kxc5 14.
O-O-O Ne7 15. f3 Bh5 16. e3 e5 17. Bd3 Bf7 18. Kb1 Rhd8 19. Rhe1 Kb6 20. Bc2
Nc6 21. Bb3 0-1

[Event "Seefeld2004"]
[Site "?"]
[Date "2004.09.18"]
[Round "1"]
[White "Drabke, Lorenz"]
[Black "Di Lazzaro, Valeri"]
[Result "1-0"]
[WhiteElo "2428"]
[BlackElo "1990"]
[Annotator "ChessOrg"]
[PlyCount "73"]
[EventDate "2004.09.20"]
[SourceDate "2004.09.20"]

1. e4 c5 2. Nf3 d6 3. d4 cxd4 4. Nxd4 Nf6 5. f3 Nc6 6. c4 e5 7. Nc2 Nxe4 8.
fxe4 Qh4+ 9. Kd2 Qxe4 10. Nc3 Qf4+ 11. Ke1 Qh4+ 12. g3 Qd8 13. Bg2 Be6 14. Nd5
Be7 15. Rf1 O-O 16. Kf2 f5 17. Kg1 Rc8 18. b3 Kh8 19. Nxe7 Qxe7 20. Ba3 Rcd8
21. Qd2 Rd7 22. Rad1 Rfd8 23. Ne3 g6 24. Qc3 Kg8 25. Rf2 Qg5 26. Nd5 Rf8 27.
Bc1 Qd8 28. Bh6 Rff7 29. Qe3 f4 30. gxf4 Qh4 31. Bg5 Qh5 32. Rdf1 Kg7 33. fxe5
Rxf2 34. Qxf2 Bf5 35. Nf6 Qxg5 36. Nxd7 dxe5 37. Qc5 1-0

[Event "Seefeld2004"]
[Site "?"]
[Date "2004.10.18"]
[Round "2"]
[White "Moser, Armin"]
[Black "Rotstein, Arkadij"]
[Result "0-1"]
[WhiteElo "1930"]
[BlackElo "2400"]
[Annotator "ChessOrg"]
[PlyCount "88"]
[EventDate "2004.09.20"]
[SourceDate "2004.09.20"]

1. Nf3 c5 2. g3 b6 3. Bg2 Bb7 4. c4 g6 5. Nc3 Bg7 6. O-O Nf6 7. d3 O-O 8. Rb1
d5 9. cxd5 Nxd5 10. Bd2 Nc6 11. a3 Rc8 12. Nxd5 Qxd5 13. Bc3 Nd4 14. Nh4 Qd7
15. Bxb7 Qxb7 16. e3 Ne6 17. Qe2 Rfd8 18. f4 c4 19. d4 Qe4 20. Qf3 Qxf3 21.
Nxf3 f5 22. Rbd1 Nc7 23. Rfe1 Nd5 24. e4 fxe4 25. Rxe4 Bf6 26. Ne5 Bxe5 27.
Rxe5 Kf7 28. Rde1 Rc6 29. Kf2 Rf6 30. Kf3 Rf5 31. Rxf5+ gxf5 32. Re5 e6 33. g4
fxg4+ 34. Kxg4 Nf6+ 35. Kf3 Rd5 36. Re2 Rh5 37. Be1 Rb5 38. a4 Rb3+ 39. Bc3 Nd5
40. Rc2 Ke7 41. Ke4 Kd6 42. h3 a6 43. h4 b5 44. axb5 axb5 0-1

[Event "Seefeld2004"]
[Site "?"]
[Date "2004.10.18"]
[Round "2"]
[White "Miezis, Normunds"]
[Black "Hofer, Franz"]
[Result "1-0"]
[WhiteElo "2502"]
[BlackElo "2079"]
[Annotator "ChessOrg"]
[PlyCount "51"]
[EventDate "2004.09.20"]
[SourceDate "2004.09.20"]

1. c4 e6 2. e4 d5 3. exd5 exd5 4. d4 c6 5. Nf3 Nf6 6. Nc3 Bb4 7. Bd3 Bg4 8. O-O
O-O 9. Be3 Bxc3 10. bxc3 Ne4 11. Rc1 Qa5 12. h3 Bh5 13. g4 Bg6 14. Ne5 Qxa2 15.
f3 Nd6 16. Ra1 Qb2 17. c5 Nc4 18. Bxc4 dxc4 19. Qe1 Bc2 20. Rf2 Qb3 21. Qc1 f6
22. Rxc2 fxe5 23. Rb2 a5 24. Rxb3 cxb3 25. Qb1 exd4 26. Qxb3+ 1-0

[Event "Seefeld2004"]
[Site "?"]
[Date "2004.10.18"]
[Round "2"]
[White "Bronznik, Valeri"]
[Black "Urban, Rudolf"]
[Result "1-0"]
[WhiteElo "2400"]
[BlackElo "2068"]
[Annotator "ChessOrg"]
[PlyCount "45"]
[EventDate "2004.09.20"]
[SourceDate "2004.09.20"]

1. d4 d5 2. c4 c6 3. Nf3 Nf6 4. Nc3 e6 5. e3 Be7 6. Qc2 Nbd7 7. Be2 dxc4 8.
Bxc4 b5 9. Be2 a6 10. Ne4 Nxe4 11. Qxe4 Bb7 12. Bd2 Nf6 13. Qc2 Rc8 14. b4 O-O
15. O-O Nd5 16. a3 Bd6 17. Rfd1 Qf6 18. Bd3 e5 19. Bxh7+ Kh8 20. Bf5 Rc7 21. e4
g6 22. Bg4 Nf4 23. dxe5 1-0

[Event "Seefeld2004"]
[Site "?"]
[Date "2004.11.18"]
[Round "3"]
[White "Rotstein, Arkadij"]
[Black "Kozlov, Alexander"]
[Result "1-0"]
[WhiteElo "2524"]
[BlackElo "2192"]
[Annotator "ChessOrg"]
[PlyCount "55"]
[EventDate "2004.09.20"]
[SourceDate "2004.09.20"]

1. e4 c5 2. Nf3 e6 3. Nc3 Nc6 4. d4 cxd4 5. Nxd4 a6 6. Be3 Nf6 7. Qd2 Be7 8. f3
Qc7 9. O-O-O b5 10. g4 h6 11. h4 d6 12. Kb1 Bb7 13. Rg1 Nd7 14. g5 hxg5 15.
Bxg5 Nxd4 16. Qxd4 f6 17. Be3 O-O-O 18. Rxg7 Bf8 19. Rf7 Rxh4 20. Bxb5 axb5 21.
Nxb5 Qc5 22. Qd3 Qh5 23. Qc3+ Nc5 24. Rc7+ Kb8 25. Qa5 Na6 26. Rxb7+ Kxb7 27.
Qb6+ Kc8 28. Qc6+ 1-0

[Event "Seefeld2004"]
[Site "?"]
[Date "2004.11.20"]
[Round "3"]
[White "Voss, Ingo"]
[Black "Miezis, Normunds"]
[Result "0-1"]
[WhiteElo "2165"]
[BlackElo "2502"]
[Annotator "ChessOrg"]
[PlyCount "104"]
[EventDate "2004.09.20"]
[SourceDate "2004.09.20"]

1. d4 Nf6 2. Nf3 e6 3. e3 c5 4. Bd3 b6 5. c3 Bb7 6. Nbd2 cxd4 7. cxd4 Nd5 8.
O-O Be7 9. Re1 O-O 10. a3 f5 11. Nc4 b5 12. Ncd2 Qb6 13. Nb3 Nf6 14. Bd2 a5 15.
Qe2 Bd5 16. Nc1 Rc8 17. Rb1 b4 18. axb4 axb4 19. Ne5 d6 20. Nf3 Nbd7 21. b3 Ne4
22. Bc4 Ndf6 23. Nd3 Ra2 24. Rb2 Rxb2 25. Nxb2 Nc3 26. Qd3 Nfe4 27. Bxd5 exd5
28. Ra1 Qc6 29. Ne1 Bf6 30. f3 Nxd2 31. Qxd2 f4 32. exf4 Re8 33. Nc2 Re2 34.
Qd3 Qe8 35. Kf1 Bh4 36. g3 Qc8 37. f5 Rxh2 38. gxh4 Ne2 39. Ne1 Ng3+ 40. Kg1
Rxb2 41. Qb5 Ne2+ 42. Kf1 Nc3 43. Qxb4 Qe8 44. Kg1 Ne2+ 45. Kh2 Nf4+ 46. Kh1
Qd8 47. Kg1 h5 48. Qa3 Re2 49. Qa8 Rxe1+ 50. Kf2 Nd3+ 51. Kg3 Qxa8 52. Rxa8+
Kf7 0-1

[Event "Seefeld2004"]
[Site "?"]
[Date "2004.11.20"]
[Round "3"]
[White "Frank, Albert"]
[Black "Bronznik, Valeri"]
[Result "0-1"]
[WhiteElo "2066"]
[BlackElo "2400"]
[Annotator "ChessOrg"]
[PlyCount "90"]
[EventDate "2004.09.20"]
[SourceDate "2004.09.20"]

1. c4 f5 2. g3 Nf6 3. Nc3 g6 4. Bg2 Bg7 5. Nf3 O-O 6. O-O d6 7. e4 fxe4 8. Ng5
c5 9. Ncxe4 Nxe4 10. Bxe4 Nc6 11. Nxh7 Kxh7 12. Qh5+ Kg8 13. Bxg6 Rf6 14. d4
Nxd4 15. Qh7+ Kf8 16. Bh6 Rxg6 17. Qxg6 Nf5 18. Bxg7+ Nxg7 19. Rfe1 Bf5 20. Qg5
Qd7 21. Re3 Kf7 22. Rae1 Re8 23. g4 Bc2 24. Qd5+ e6 25. Qd2 Bg6 26. Rf3+ Kg8
27. Qh6 Qc6 28. Rh3 Be4 29. f3 Bc2 30. Qd2 Bg6 31. Qg5 Bd3 32. b3 e5 33. Rd1
Be2 34. Rd5 b5 35. Qd2 bxc4 36. Rxd6 c3 37. Qxe2 Qxd6 38. Qc4+ Re6 39. Qxc3
Qd4+ 40. Qxd4 exd4 41. f4 Re2 42. a4 Re4 43. Kg2 Rxf4 44. Kg3 Re4 45. Rh6 Re3+
0-1

[Event "Seefeld2004"]
[Site "?"]
[Date "2004.10.21"]
[Round "4"]
[White "Pilz, Dieter"]
[Black "Rotstein, Arkadij"]
[Result "1/2-1/2"]
[WhiteElo "2303"]
[BlackElo "2524"]
[Annotator "ChessOrg"]
[PlyCount "80"]
[EventDate "2004.09.20"]
[SourceDate "2004.09.20"]

1. c4 e5 2. Nc3 d6 3. g3 g6 4. Bg2 Bg7 5. Nf3 f5 6. d3 Nf6 7. e4 Nc6 8. exf5
Bxf5 9. O-O O-O 10. Ng5 Qd7 11. Nge4 Bh3 12. Nxf6+ Rxf6 13. Be3 Bxg2 14. Kxg2
Raf8 15. Qe2 Rf5 16. Rae1 a6 17. f3 Nd8 18. Ne4 Ne6 19. b3 c6 20. Rc1 d5 21.
Nc5 Nxc5 22. Bxc5 Re8 23. cxd5 cxd5 24. Rc2 Qb5 25. Rfc1 e4 26. fxe4 dxe4 27.
d4 Qd7 28. Rf1 e3 29. Rcc1 Rxf1 30. Rxf1 b6 31. Bxb6 h5 32. Bc5 Kh7 33. Qf3 Qb5
34. Re1 Qd3 35. Re2 Re6 36. b4 Bh6 37. Qf7+ Kh8 38. Qf3 Kh7 39. Qf7+ Kh8 40.
Qf3 Kh7 1/2-1/2

[Event "Seefeld2004"]
[Site "?"]
[Date "2004.10.21"]
[Round "4"]
[White "Miezis, Normunds"]
[Black "Thinius, Marco"]
[Result "1-0"]
[WhiteElo "2502"]
[BlackElo "2395"]
[Annotator "ChessOrg"]
[PlyCount "65"]
[EventDate "2004.09.20"]
[SourceDate "2004.09.20"]

1. c4 Nf6 2. Nc3 e5 3. g3 Bb4 4. Bg2 O-O 5. e4 Bxc3 6. dxc3 d6 7. Qe2 Nbd7 8.
Nf3 Nc5 9. Nd2 a6 10. O-O b5 11. Rd1 Be6 12. b3 Qb8 13. Ba3 Qb6 14. Re1 Nb7 15.
h3 Na5 16. Bf1 bxc4 17. b4 Nb7 18. Nxc4 Qc6 19. Bb2 a5 20. a3 Rfb8 21. Rad1 h6
22. Rd2 Qa4 23. f4 exf4 24. gxf4 Re8 25. e5 dxe5 26. fxe5 Nd5 27. Qe4 Rad8 28.
Rg2 axb4 29. cxb4 Qa7+ 30. Kh2 Ne7 31. Ne3 Qb6 32. a4 Nc5 33. bxc5 1-0

[Event "Seefeld2004"]
[Site "?"]
[Date "2004.10.21"]
[Round "4"]
[White "Bronznik, Valeri"]
[Black "Sucher, Johannes"]
[Result "1/2-1/2"]
[WhiteElo "2400"]
[BlackElo "2197"]
[Annotator "ChessOrg"]
[PlyCount "116"]
[EventDate "2004.09.20"]
[SourceDate "2004.09.20"]

1. d4 d5 2. c4 e6 3. Nc3 c5 4. e3 Nf6 5. Nf3 Nc6 6. a3 b6 7. cxd5 Nxd5 8. Bb5
Bb7 9. Qa4 Qc7 10. Nxd5 exd5 11. Ne5 Rc8 12. Qxa7 Bd6 13. Nxc6 Bxc6 14. Qxc7
Rxc7 15. Bd3 Ba4 16. Bd2 cxd4 17. exd4 O-O 18. O-O Bc2 19. Bb5 Bb3 20. Rfe1 Bc4
21. Ba4 Ra8 22. Bd1 Kf8 23. Bf3 Re8 24. g3 Bb3 25. Rxe8+ Kxe8 26. Rc1 Rxc1+ 27.
Bxc1 Bc4 28. Bd1 Kd7 29. Kg2 Kc6 30. Bc2 h6 31. Kf3 Bf1 32. Ke3 Be7 33. h4 g5
34. h5 Bh3 35. Bd1 Bd6 36. Kd3 Be6 37. Kc3 f5 38. Ba4+ b5 39. Bc2 Bf8 40. Bd3
Kb6 41. Bd2 Bg7 42. Bc2 Bd7 43. Bd1 Be8 44. g4 f4 45. Bc2 Bd7 46. f3 Bc6 47.
Bf5 Bf6 48. Be6 Bg7 49. Kd3 Bf8 50. Bc3 b4 51. Bxb4 Bxb4 52. axb4 Kb5 53. Kc3
Kb6 54. Kb3 Kb5 55. Bf5 Be8 56. Bd3+ Kb6 57. Ka3 Bf7 58. Bc2 Be6 1/2-1/2

[Event "Seefeld2004"]
[Site "?"]
[Date "2004.10.21"]
[Round "4"]
[White "Oettinger"]
[Black "Drabke, Lorenz"]
[Result "0-1"]
[WhiteElo "2100"]
[BlackElo "2428"]
[Annotator "ChessOrg"]
[PlyCount "86"]
[EventDate "2004.09.20"]
[SourceDate "2004.09.20"]

1. d4 d5 2. Nf3 Nf6 3. g3 Bf5 4. Bg2 c6 5. O-O Nbd7 6. c4 e6 7. Qb3 Qc8 8. cxd5
exd5 9. Nc3 Bd6 10. Bg5 O-O 11. Rac1 Re8 12. Rfe1 a5 13. Bxf6 Nxf6 14. Ng5 Qd7
15. e4 dxe4 16. Ncxe4 Nxe4 17. Nxe4 Bb4 18. Re3 Qxd4 19. Rd1 Qa7 20. a3 Be7 21.
Rde1 Be6 22. Qd1 a4 23. Qh5 Qa5 24. Qxa5 Rxa5 25. Nc3 Kf8 26. Re4 Bb3 27. Bh3
f5 28. R4e3 g6 29. Bg2 Raa8 30. h4 Bf6 31. h5 gxh5 32. Bf3 Rxe3 33. Rxe3 h4 34.
gxh4 Rd8 35. Bh5 Rd2 36. Rf3 Rxb2 37. Rxf5 Kg7 38. Ne4 Bxh4 39. Nd6 b5 40. Ne8+
Kh6 41. Bg4 Bxf2+ 42. Rxf2 Rxf2 43. Kxf2 b4 0-1

[Event "Seefeld2004"]
[Site "?"]
[Date "2004.10.22"]
[Round "5"]
[White "Drabke, Lorenz"]
[Black "Bronznik, Valeri"]
[Result "1-0"]
[WhiteElo "2428"]
[BlackElo "2400"]
[Annotator "ChessOrg"]
[PlyCount "125"]
[EventDate "2004.09.20"]
[SourceDate "2004.09.20"]

1. e4 e6 2. d3 d5 3. Nd2 c5 4. Ngf3 Nc6 5. g3 Bd6 6. Bg2 Nge7 7. O-O O-O 8. Nh4
g5 9. Nhf3 Ng6 10. Ne1 Be7 11. Qh5 d4 12. Ndf3 f6 13. h4 gxh4 14. Nxh4 Nxh4 15.
Qxh4 Kh8 16. Bh6 Rg8 17. f4 Bf8 18. Kf2 Bxh6 19. Qxh6 Rg6 20. Qh5 c4 21. Rh1
Rg7 22. dxc4 e5 23. Nd3 Be6 24. b3 Qa5 25. Bh3 Bxh3 26. Rxh3 Qc3 27. Rah1 Qxc2+
28. Qe2 Qc3 29. g4 exf4 30. Nxf4 d3 31. Qxd3 Qb2+ 32. Qe2 Qd4+ 33. Kg2 Ne5 34.
Ne6 Rxg4+ 35. Qxg4 Qd2+ 36. Kg3 Qe3+ 37. Kg2 Qd2+ 38. Kg3 Qe3+ 39. Kh4 Nxg4 40.
Rxe3 Nxe3 41. Rh3 Re8 42. Rxe3 Rxe6 43. Kg4 Re5 44. Rd3 Re7 45. c5 Kg7 46. Kf4
Kg6 47. b4 a6 48. Rd6 h5 49. c6 bxc6 50. Rxc6 h4 51. Rxa6 h3 52. Ra3 Rh7 53.
Rg3+ Kf7 54. Rg1 Rh4+ 55. Kf3 f5 56. Rh1 h2 57. exf5 Kf6 58. a3 Rh3+ 59. Kg4
Rxa3 60. Rxh2 Rb3 61. Rh6+ Kg7 62. Rb6 Rb1 63. Kf4 1-0

[Event "Seefeld2004"]
[Site "?"]
[Date "2004.10.22"]
[Round "5"]
[White "Rotstein, Arkadij"]
[Black "Miezis, Normunds"]
[Result "1/2-1/2"]
[WhiteElo "2524"]
[BlackElo "2502"]
[Annotator "ChessOrg"]
[PlyCount "76"]
[EventDate "2004.09.20"]
[SourceDate "2004.09.20"]

1. d4 Nf6 2. Nf3 e6 3. c4 Bb4+ 4. Bd2 Qe7 5. g3 b6 6. Bg2 Bb7 7. O-O Bxd2 8.
Qxd2 Ne4 9. Qd3 d5 10. Nfd2 Nxd2 11. Nxd2 dxc4 12. Qxc4 Bxg2 13. Kxg2 O-O 14.
Rac1 Rc8 15. Rfd1 c6 16. Nf3 Nd7 17. e4 Qe8 18. Qd3 h6 19. Rc3 c5 20. d5 exd5
21. exd5 Ne5 22. Qf5 Nxf3 23. Rxf3 Rd8 24. d6 Qd7 25. Qd5 Re8 26. Re3 Rad8 27.
Rde1 Rf8 28. Rd3 Rfe8 29. Rxe8+ Rxe8 30. Re3 Re6 31. Qa8+ Kh7 32. Rxe6 fxe6 33.
Qf8 Qa4 34. Kh3 Qd1 35. Qe7 Qf1+ 36. Kg4 h5+ 37. Kf3 Qh1+ 38. Ke3 Qe1+ 1/2-1/2

[Event "Seefeld2004"]
[Site "?"]
[Date "2004.10.22"]
[Round "5"]
[White "Sucher, Johannes"]
[Black "Pilz, Dieter"]
[Result "0-1"]
[WhiteElo "2197"]
[BlackElo "2303"]
[Annotator "ChessOrg"]
[PlyCount "54"]
[EventDate "2004.09.20"]
[SourceDate "2004.09.20"]

1. d4 Nf6 2. Bg5 c5 3. d5 d6 4. Nc3 a6 5. a4 h6 6. Bd2 e6 7. dxe6 Bxe6 8. e4
Nc6 9. g3 d5 10. exd5 Nxd5 11. Bg2 Be7 12. Bxh6 Rxh6 13. Nxd5 Qa5+ 14. Kf1 Rd8
15. c4 Nb4 16. Qe1 Kf8 17. Ne2 Bf6 18. Qd2 b5 19. Nef4 bxc4 20. Re1 Bxd5 21.
Nxd5 Qxa4 22. g4 Nxd5 23. Bxd5 Qd7 24. g5 Qh3+ 25. Bg2 Rxd2 26. Bxh3 Bxg5 27.
Bc8 Rxb2 0-1

[Event "Seefeld2004"]
[Site "?"]
[Date "2004.10.23"]
[Round "6"]
[White "Miezis, Normunds"]
[Black "Pilz, Dieter"]
[Result "1-0"]
[WhiteElo "2502"]
[BlackElo "2303"]
[Annotator "ChessOrg"]
[PlyCount "71"]
[EventDate "2004.09.20"]
[SourceDate "2004.09.20"]

1. c4 Nf6 2. Nc3 c5 3. g3 g6 4. Bg2 Bg7 5. e4 Nc6 6. Nge2 d6 7. O-O O-O 8. a3
a5 9. d3 Ne8 10. Rb1 Nc7 11. Nd5 Ne6 12. b4 axb4 13. axb4 Ncd4 14. Nxd4 Nxd4
15. bxc5 dxc5 16. Bg5 Re8 17. Re1 h6 18. Bf4 Ra2 19. Bc7 Qd7 20. Bb6 e6 21. Nc7
Rd8 22. e5 Nc2 23. Re2 Qxd3 24. Qxd3 Rxd3 25. Be4 Rc3 26. Rd1 Bxe5 27. Rd8+ Kh7
28. Rxc8 Ra1+ 29. Kg2 Ne1+ 30. Kh3 Rxc4 31. Bxb7 Bg7 32. Ne8 Rb4 33. Rc7 Bd4
34. Rxe6 Kg8 35. Nf6+ Kg7 36. Ree7 1-0

[Event "Seefeld2004"]
[Site "?"]
[Date "2004.10.23"]
[Round "6"]
[White "Drabke, Lorenz"]
[Black "Rotstein, Arkadij"]
[Result "0-1"]
[WhiteElo "2428"]
[BlackElo "2524"]
[Annotator "ChessOrg"]
[PlyCount "46"]
[EventDate "2004.09.20"]
[SourceDate "2004.09.20"]

1. e4 c5 2. Nf3 e6 3. Nc3 a6 4. d4 cxd4 5. Nxd4 d6 6. Bd3 Nf6 7. O-O Be7 8. f4
O-O 9. Kh1 Qc7 10. Qe2 Nbd7 11. Bd2 Nc5 12. g4 d5 13. e5 Nfe4 14. g5 b5 15. a3
Bb7 16. Rf3 Rac8 17. Rh3 b4 18. axb4 Nxd3 19. Rxd3 Bxb4 20. Ncb5 Qe7 21. Bxb4
Qxb4 22. c3 Qc4 23. Nd6 Qxd3 0-1

[Event "Seefeld2004"]
[Site "?"]
[Date "2004.10.23"]
[Round "6"]
[White "Bronznik, Valeri"]
[Black "Thinius, Marco"]
[Result "1-0"]
[WhiteElo "2400"]
[BlackElo "2395"]
[Annotator "ChessOrg"]
[PlyCount "67"]
[EventDate "2004.09.20"]
[SourceDate "2004.09.20"]

1. d4 Nf6 2. c4 e6 3. Bg5 Bb4+ 4. Nd2 c5 5. dxc5 Bxc5 6. e3 h6 7. Bh4 Nc6 8.
Ngf3 b6 9. Be2 Bb7 10. O-O Be7 11. a3 O-O 12. Nb3 e5 13. Qc2 d6 14. Rad1 Qc7
15. Nbd2 Rad8 16. Nb1 Nb8 17. b3 g5 18. Bg3 Ne4 19. Nfd2 f5 20. Nxe4 Bxe4 21.
Bd3 Bxd3 22. Qxd3 Kg7 23. f3 Nd7 24. Nc3 Nc5 25. Qc2 Rc8 26. Rd2 Qb7 27. Nb5
Rc6 28. Rfd1 Rf6 29. b4 Nd7 30. f4 gxf4 31. exf4 exf4 32. Bh4 Qb8 33. Bxf6+
Kxf6 34. Nd4 1-0

[Event "Seefeld2004"]
[Site "?"]
[Date "2004.10.24"]
[Round "7"]
[White "Schumacher, Helmut"]
[Black "Miezis, Normunds"]
[Result "0-1"]
[WhiteElo "2117"]
[BlackElo "2502"]
[Annotator "ChessOrg"]
[PlyCount "66"]
[EventDate "2004.09.20"]
[SourceDate "2004.09.20"]

1. d4 Nf6 2. Nc3 d5 3. Bg5 c6 4. Qd3 b5 5. a3 a5 6. e4 Ba6 7. b4 Bb7 8. Bxf6
exf6 9. Rb1 axb4 10. axb4 Na6 11. exd5 Bxb4 12. Nge2 O-O 13. Ng3 Qa5 14. Nge2
cxd5 15. Kd1 Nc7 16. g3 Bc6 17. Bg2 Rfe8 18. Rb3 Re7 19. Na2 Bd6 20. Qc3 Qb6
21. Nb4 Bxb4 22. Qxb4 Rae8 23. Nf4 Ne6 24. Re1 Ra7 25. c3 Nxf4 26. Rxe8+ Bxe8
27. gxf4 Qe6 28. Bf3 Qf5 29. c4 Ra1+ 30. Ke2 Qc2+ 31. Ke3 Ra2 32. cxd5 f5 33.
Bh5 Qe4# 0-1

[Event "Seefeld2004"]
[Site "?"]
[Date "2004.10.24"]
[Round "7"]
[White "Rotstein, Arkadij"]
[Black "Bronznik, Valeri"]
[Result "1-0"]
[WhiteElo "2524"]
[BlackElo "2400"]
[Annotator "ChessOrg"]
[PlyCount "47"]
[EventDate "2004.09.20"]
[SourceDate "2004.09.20"]

1. c4 f5 2. g3 Nf6 3. Bg2 g6 4. Nc3 Bg7 5. d3 O-O 6. e3 d6 7. Nge2 e5 8. O-O a5
9. b3 Na6 10. Bb2 c6 11. Qd2 Bd7 12. Rae1 Rb8 13. f4 Re8 14. e4 Nc5 15. Kh1 b5
16. exf5 Bxf5 17. Bxc6 b4 18. Nd5 Nxd3 19. Nxf6+ Bxf6 20. g4 Nxe1 21. gxf5 e4
22. Bxe8 Qxe8 23. Ng3 gxf5 24. Qd5+ 1-0

[Event "Seefeld2004"]
[Site "?"]
[Date "2004.10.24"]
[Round "7"]
[White "Pilz, Dieter"]
[Black "Thinius, Marco"]
[Result "0-1"]
[WhiteElo "2303"]
[BlackElo "2395"]
[Annotator "ChessOrg"]
[PlyCount "100"]
[EventDate "2004.09.20"]
[SourceDate "2004.09.20"]

1. c4 Nf6 2. Nc3 e5 3. Nf3 Nc6 4. g3 Bb4 5. Nd5 e4 6. Nxb4 Nxb4 7. Nd4 Ng4 8.
f3 Qf6 9. fxg4 Qxd4 10. a3 Na6 11. e3 Qe5 12. Be2 Nc5 13. O-O d5 14. cxd5 Qxd5
15. b4 Nb3 16. Rb1 Be6 17. Rf2 O-O 18. Qc2 a5 19. Bd1 a4 20. Bb2 f6 21. Qc3
Rad8 22. Bxb3 axb3 23. h3 Rd7 24. Rbf1 h6 25. Kg2 Qb5 26. Qc1 c6 27. Kh2 Rd3
28. Bc3 h5 29. Rf4 Qd5 30. gxh5 Qxh5 31. g4 Qd5 32. R1f2 Rf7 33. Qb2 Qg5 34.
Rf5 Bxf5 35. Rxf5 Qh4 36. Qxb3 Qe1 37. Qe6 Qe2+ 38. Kg1 Qe1+ 39. Kg2 Rxd2+ 40.
Bxd2 Qxd2+ 41. Kf1 g6 42. Rf4 Qxe3 43. Rxe4 Qxh3+ 44. Ke2 Qxa3 45. g5 Qb2+ 46.
Kd1 Kg7 47. Rf4 f5 48. Rh4 Qc3 49. Qe8 Qd3+ 50. Kc1 Qf1+ 0-1

[Event "Seefeld2004"]
[Site "?"]
[Date "2004.10.24"]
[Round "7"]
[White "Thöny, Hermann"]
[Black "Drabke, Lorenz"]
[Result "0-1"]
[WhiteElo "2158"]
[BlackElo "2428"]
[Annotator "ChessOrg"]
[PlyCount "54"]
[EventDate "2004.09.20"]
[SourceDate "2004.09.20"]

1. Nf3 d5 2. d4 c5 3. g3 cxd4 4. Bg2 Qa5+ 5. Kf1 Nf6 6. Nxd4 e6 7. Nd2 Be7 8.
c3 O-O 9. Qc2 Nc6 10. N4b3 Qc7 11. h3 b5 12. a4 Ba6 13. axb5 Bxb5 14. Nf3 e5
15. Be3 a5 16. Rc1 a4 17. Nbd2 Na5 18. Qf5 Nd7 19. Ng5 g6 20. Qg4 d4 21. Qh4 h5
22. Bxa8 dxe3 23. fxe3 Rxa8 24. g4 Nc4 25. Nxc4 Qxc4 26. Rh2 Nf8 27. e4 Ne6 0-1

[Event "Seefeld2004"]
[Site "?"]
[Date "2004.10.25"]
[Round "8"]
[White "Miezis, Normunds"]
[Black "Joppien, Arne"]
[Result "1-0"]
[WhiteElo "2502"]
[BlackElo "2081"]
[Annotator "ChessOrg"]
[PlyCount "81"]
[EventDate "2004.09.20"]
[SourceDate "2004.09.20"]

1. c4 c5 2. Nc3 Nc6 3. g3 g6 4. Bg2 Bg7 5. d3 Nh6 6. e4 d6 7. Nge2 O-O 8. O-O
f5 9. h3 Bd7 10. Be3 Nf7 11. f4 Nd4 12. Rb1 Bc6 13. a3 e5 14. b4 b6 15. Qd2
exf4 16. gxf4 Qe7 17. Rbe1 Rae8 18. Bf2 Nxe2+ 19. Rxe2 fxe4 20. dxe4 g5 21. f5
Be5 22. Nd5 Bxd5 23. Qxd5 Qf6 24. Bf3 Qh6 25. Bg4 Bf4 26. bxc5 dxc5 27. Be1 Be5
28. Kg2 Kh8 29. a4 Nd6 30. a5 Qf6 31. Rf3 b5 32. Qxc5 Bd4 33. Qd5 Nxc4 34. Bb4
Rg8 35. Rd3 Be5 36. Qxb5 Rc8 37. Qd7 a6 38. Be7 Qg7 39. Qe6 h5 40. f6 Qh6 41.
f7 1-0

[Event "Seefeld2004"]
[Site "?"]
[Date "2004.10.25"]
[Round "8"]
[White "Thinius, Marco"]
[Black "Rotstein, Arkadij"]
[Result "0-1"]
[WhiteElo "2395"]
[BlackElo "2524"]
[Annotator "ChessOrg"]
[PlyCount "66"]
[EventDate "2004.09.20"]
[SourceDate "2004.09.20"]

1. e4 c5 2. Nf3 e6 3. d4 cxd4 4. Nxd4 Nf6 5. Nc3 d6 6. g4 a6 7. g5 Nfd7 8. h4
b5 9. a3 Bb7 10. Be3 Nc6 11. Rh3 Be7 12. f4 O-O 13. f5 Nde5 14. fxe6 Nxd4 15.
exf7+ Rxf7 16. Bxd4 Qd7 17. Bg2 Qe6 18. Rg3 d5 19. Qe2 Nc6 20. exd5 Qd6 21. Bf2
Nd4 22. Qd3 Qe5+ 23. Ne4 Bc5 24. O-O-O Rxf2 25. Nxf2 Qxg3 26. Ne4 Qxd3 27. Rxd3
Bb6 28. Kd2 Rf8 29. c3 Nb3+ 30. Kc2 Nc5 31. Nxc5 Bxc5 32. Bh3 Rf4 33. d6 Be4
0-1

[Event "Seefeld2004"]
[Site "?"]
[Date "2004.10.25"]
[Round "8"]
[White "Drabke, Lorenz"]
[Black "Hertel, Peter"]
[Result "1-0"]
[WhiteElo "2428"]
[BlackElo "2267"]
[Annotator "ChessOrg"]
[PlyCount "59"]
[EventDate "2004.09.20"]
[SourceDate "2004.09.20"]

1. e4 c5 2. Nf3 d6 3. d4 cxd4 4. Nxd4 Nf6 5. f3 a6 6. c4 e6 7. Nc3 Be7 8. Be3
Qc7 9. Be2 O-O 10. O-O Nbd7 11. Qd2 b6 12. Rfc1 Bb7 13. a4 Rac8 14. a5 bxa5 15.
Nb3 Qb8 16. Nxa5 Ba8 17. b4 d5 18. c5 dxe4 19. Nxe4 Rcd8 20. c6 Bxb4 21. Qc2
Bxa5 22. Rxa5 Qc7 23. Rxa6 Nd5 24. Bd2 N7b6 25. Ba5 Rb8 26. Qc5 Rfd8 27. g3 f5
28. Nc3 Qe5 29. Bxb6 Rdc8 30. Nxd5 1-0

[Event "Seefeld2004"]
[Site "?"]
[Date "2004.10.25"]
[Round "8"]
[White "Bronznik, Valeri"]
[Black "Schumacher, Helmut"]
[Result "1/2-1/2"]
[WhiteElo "2400"]
[BlackElo "2117"]
[Annotator "ChessOrg"]
[PlyCount "81"]
[EventDate "2004.09.20"]
[SourceDate "2004.09.20"]

1. d4 d5 2. c4 e6 3. Nc3 Nf6 4. Bg5 Be7 5. cxd5 exd5 6. e3 c6 7. Qc2 Nbd7 8.
Bd3 Nh5 9. Bxe7 Qxe7 10. O-O-O g6 11. Nf3 Nb6 12. h3 Bd7 13. Kb1 O-O-O 14. Rc1
Kb8 15. Na4 Nxa4 16. Qxa4 Rc8 17. Rc3 Rc7 18. Rhc1 f6 19. Ka1 Ng7 20. Ra3 b6
21. Rac3 Ne6 22. Ne1 Re8 23. Qb3 Qd6 24. Nc2 c5 25. dxc5 Nxc5 26. Qa3 Qe6 27.
Nd4 Qe5 28. Be2 Rec8 29. Qb4 Ne4 30. f4 Rxc3 31. Rxc3 Rxc3 32. bxc3 Qc7 33. Kb2
Qc5 34. Bf3 Qxb4+ 35. cxb4 Kc7 36. Bxe4 dxe4 37. Kc3 Kd6 38. Kc4 a6 39. a3 f5
40. g3 Be8 41. Nc2 1/2-1/2